NBA: Most Three Pointers (2020-2021 Season) - Statistics

General Stats
  • This quiz has been taken 136 times
    78 since last reset
  • The average score is 25 of 51
Answer Stats
# Player 3's % Correct
1 Stephen Curry 337
100%
3 Damian Lillard 275
89%
11 Jayson Tatum 187
75%
35 Kyrie Irving 152
75%
10 Luka Dončić 192
75%
46 Trae Young 136
74%
9 Zach LaVine 200
74%
T22 Paul George 171
72%
6 Joe Harris 211
70%
2 Buddy Hield 282
69%
T26 CJ McCollum 169
67%
T29 Jaylen Brown 163
67%
21 Lonzo Ball 172
67%
36 Khris Middleton 151
66%
T17 Danny Green 175
61%
4 Duncan Robinson 250
61%
20 Justin Holiday 173
59%
T50 Kyle Lowry 131
59%
T41 Andrew Wiggins 140
57%
15 Donovan Mitchell 178
56%
19 Fred VanVleet 174
56%
38 Bogdan Bogdanović 146
54%
13 Bojan Bogdanović 180
54%
33 Julius Randle 160
54%
40 Brandon Ingram 143
52%
25 Michael Porter Jr. 170
51%
5 Terry Rozier 222
48%
8 Tim Hardaway Jr. 207
46%
12 Joe Ingles 183
44%
48 Mikal Bridges 134
44%
T22 Anthony Edwards 171
43%
39 Malcolm Brogdon 145
43%
49 Carmelo Anthony 133
38%
7 Jordan Clarkson 208
38%
T41 Kevin Huerter 140
38%
T41 Marcus Morris 140
38%
45 Kyle Kuzma 138
36%
44 Mike Conley 138
36%
14 Devonte' Graham 179
34%
16 Nikola Vučević 176
34%
T29 Coby White 163
33%
32 Patty Mills 161
33%
37 Jae Crowder 148
31%
T22 Norman Powell 171
31%
47 Robert Covington 135
28%
28 Gary Trent Jr. 165
26%
T29 Reggie Bullock 163
25%
T26 Dāvis Bertāns 169
23%
T50 Donte DiVincenzo 131
18%
T17 Saddiq Bey 175
15%
34 Bryn Forbes 154
8%
No matching quizzes found
Score Distribution
Percent of People with Each Score
Percentile by Number Answered
Your Score History
You have not taken this quiz since the last reset